Percepción materna de sobrepeso-obesidad infantil y riesgos de salud en Nuevo Laredo, Tamaulipas, México /
Se pretende evaluar la percepción materna del peso de sus hijos, así como la percepción materna del sobrepeso y obesidad de niños no emparentados; la percepción materna de la imagen con riesgo de salud, y el reconocimiento de riesgos de salud relacionados con el sobrepeso y la obesidad. Se afirma en...
Na minha lista:
| Autor principal: | |
|---|---|
| Outros Autores: | , , , |
| Formato: | Texto |
| Assuntos: | |
| Tags: |
Adicionar Tag
Sem tags, seja o primeiro a adicionar uma tag!
|
MARC
| LEADER | 00000 a a2200000 04500 | ||
|---|---|---|---|
| 001 | 44597 | ||
| 003 | |||
| 040 | |||
| 100 | |a Lara-García, Baldomero | ||
| 245 | |a Percepción materna de sobrepeso-obesidad infantil y riesgos de salud en Nuevo Laredo, Tamaulipas, México / |c Baldomero Lara-García, Yolanda Flores-Peña, María A. Alatorre-Esquivel, Rebeca Sosa-Briones, Ricardo M. Cerda-Flores | ||
| 520 | |a Se pretende evaluar la percepción materna del peso de sus hijos, así como la percepción materna del sobrepeso y obesidad de niños no emparentados; la percepción materna de la imagen con riesgo de salud, y el reconocimiento de riesgos de salud relacionados con el sobrepeso y la obesidad. Se afirma entonces que un gran porcentaje de madres de niños con obesidad o sobrepeso no perciben adecuadamente el peso del mismo; se comprende entonces la necesidad de diseñar programas de intervención multidisciplinarios para ayudar a las madres de niños con sobrepeso u obesidad a reconocer la forma adecuada del peso de su hijo y así disminuir la prevalencia de dichos padecimientos. | ||
| 590 | |a KSR/JUNIO2013 | ||
| 650 | |a OBESIDAD | ||
| 650 | |a SOBREPESO | ||
| 650 | |a RIESGOS PARA LA SALUD | ||
| 650 | |a MEXICO | ||
| 650 | |a SALUD PUBLICA | ||
| 700 | |a Flores-Peña, Yolanda | ||
| 700 | |a Alatorre-Esquivel, María A. | ||
| 700 | |a Sosa-Briones, Rebeca | ||
| 700 | |a Cerda-Flores, Ricardo M. | ||
| 773 | |g volumen53, número3 (2011), páginas 258-263 : tablas | ||
| 999 | |c 21655 |d 21655 | ||
